000 01046njm a2200313Ia 4500
001 26637
003 IT-RoPAU
005 20220918181110.0
008 131025s9999 xx 000 0 und d
040 _aIT-RoPAU
040 _cIT-RoPAU
041 _aITAL/TED
999 _c98936
_d98936
999 _bSI
100 _aBach Johann Sebastian
_915992
100 _eAutore musica
_915993
100 _gCodice autore musica SPICS: 9695
_915994
245 _aCantate sacre di J.S. Bach (Le) 8
250 _a1a ed.
260 _aROMA
260 _bSPICS RECORDS
_c1984 [1a Ed.:1984 - Ed. Lingua Orig.: 1984]
300 _aMUSICASSETTA
300 _c90 minuti (Testo: pag.)
500 _aMusica sacra.
505 _aCantata BWV 041 Jesu, Nun Sei Gepreiset. - Cantata BWV 171 Gott, Wie Dein Name, So Ist Auch Dein Ruhm
650 _aMUSICA SACRA [CASSETTE]
_eCodice MATERIA SPICS: 9951
_915995
700 _aBasso Alberto
_eInterprete
_gCodice interprete SPICS: 9484
_915996
700 _aBasso Alberto
_gCodice autore SPICS: 9484
_eAutore
_915997
942 _cMC
_2ddc